01483 a2200205 45000010006000000050017000060080041000230030015000640400040000790800109001192450043002282640036002713000019003075050773003269420007010995900036011061000014011429990015011569520106011715951520260407155849.0260407a1965 arg spa dAR-UNSa-BCEJYS aAR-UNSa-BCEJYSbspacAR-UNSa-BCEJYS a339.9xEconomía internacional en general. Relaciones económicas internacionales. Economía mundial 10aEconomía de los paises en desarrollo 1aMadrid :bEdiciones Rialpc1965 a178 p.c24 cm. a1. Introducción: El enfoque posbélico hacia los países subdesarrollados - 2. La expansión de las exportaciones y el crecimiento de la población - 3. Las exportaciones campesinas y el crecimiento de la economía monetaria - 4. Las minas y las plantaciones y el crecimiento de la economía de salarios - 5. Dualismo financiero y dependencia e independencia monetarias - 6. La presión de la población y las necesidades globales de capital - 7. El esfuerzo crítico mínimo para el desarrollo económico y el tamaño del programa de crecimiento equilibrado - 8. El sendero del crecimiento equilibrado y la tasa del desarrollo - 9. Comercio internacional y desarrollo económico - 10. Conclusiones: Problemas generales de la política de desarrollo -  cBK aniveau_biblio:m niveau_hierar:01 aMyint, H. c6721d6721 00104070aBCEJYSbBCEJYSc16d2026-04-07l0o339.9 M995pL21963r2026-04-07 15:58:49w2026-04-07yL